000
00326 a2200157 4500
001
152081
040
_c
Escola São Tomás de Aquino
100
_a
BETTO, Frei
240
1
0
_a
Uala o amor
_l
por
245
1
0
_a
Uala o amor
300
_a
47
362
0
_a
1994
440
1
_a
FTD
697
_a
*LITERATURA JUVENIL
942
_c
BK
999
_c
152081
_d
152081